Datum a čas kvízu
34.5
Celkem bodů
Celkový počet nahraných bodů na tomto kvízu bez doplňovacích otázek.
5.
Pořadí na kvízu
Konečné umístění týmu na tomto kvízu.
Zaznamenané odpovědi
| # | Otázka | Odpověď | Body | Výsledky |
|---|---|---|---|---|
| 1. | V sobotu začala v celé České r... | Suchej únor | 1 | |
| 2. | Velká Británie minulý týden de... | po 47 letech (42–52) | 0 | |
| 3. | V pražském Divadle Archa se v... | Kolja | 0 | |
| 4. | Česká pošta v lednu představil... | dvourychlostní doručování | 0 | |
| 5. | Reprezentační útočník Michael... | Bruggy | 1 | |
| 6. | Co všechno může být ztracené?... | Jantarová komnata | 1 | |
| 7. | Vzpomenete si na seriál Ztrace... | B | 0 | |
| 8. | "Ne každé zlato třpytívá se, n... | Bilbo Pytlík | 0 | |
| 9. | V seznamu 100 nejdůležitějších... | Hledání ztraceného času | 0 | |
| 10. | Dodnes nebyla uspokojivě vysvě... | na území Ruska | 0 |